00793nam a22002057a 450000500170000001000150001702000260003203500140005803700090007208200130008124500860009426000460018027000790022630000220030570000310032770000300035894200240038899900190041295201560043120251217123714.0 aENG-147365 a9788190875141c999.00 aEN-130895 bDBAD00a306.72100aLooking at Gender Through Varying Lenses/cEdited By Ratna Nandi [and] Sourav Das aWest BengalbSiligudi B.Ed. Collegec2022 bWest BengalaBaramohan Singh Jote P.O. Kadamtala, Dist, Darjeelinge734011 a502p.c22 cm.(Hb) aRatna NandieEditor986126 aSourav DaseEditor986127 2ddccENh306.7mLOO c213954d213954 001040708NFICaZLSbZLSd2025-12-17eDelivery of Books Act Divisiong999.00l0o306.7 LOOpEN-130895r2025-12-17 00:00:00t1v999.00w2025-12-17yEN